000 00248nam a2200097Ia 4500
005 20251222114358.0
008 251222s1900||||xx |||||||||||||| ||spa||
082 _aDVD0070/L85/1994
245 0 _aLa ciudad y los perros:The City and the Dog
942 _cDVD
999 _c1510
_d1510